Heavy Metal Genres - Sudden Death - Statistics

General Stats
  • This quiz has been taken 641 times
    581 since last reset
  • The average score is 9 of 18
Answers on the Grid
Answers color-coded by a green-red scale on the quiz's grid according to % correct below.
Pizza Crust
Viking Metal
Wizard Metal
Pirate Metal
Funeral Doom
Nintendocore
Mortuary Dirge
Slamming Brutal Death Metal
Scrap Metal
Depressive Suicidal Black Metal
Mathcore
Felony Doom
Unblack Metal
Kawaii Metal
Graveyard Slam
War Metal
Sludgecore
Caveman Metal
Folk Metal
Slothcore
Grindcore
Primordial Luciferian Speed Metal
Blackgaze
Dark Metal
Shadow Metal
Murder Jazz
Avant-Garde Metal
Djent
Enviro-Metal
Thrashgrass
 
Answer Stats
Answer % Correct
Viking Metal
73%
Folk Metal
72%
Grindcore
69%
Djent
60%
Pirate Metal
58%
Depressive Suicidal Black Metal
56%
Funeral Doom
56%
Mathcore
56%
War Metal
55%
Avant-Garde Metal
54%
Slamming Brutal Death Metal
52%
Blackgaze
50%
Kawaii Metal
48%
Sludgecore
45%
Nintendocore
38%
Dark Metal
34%
Unblack Metal
30%
Thrashgrass
8%
No matching quizzes found
Score Distribution
Percent of People with Each Score
Percentile by Number Answered
Your Score History
You have not taken this quiz since the last reset